00244nam a22000977a 4500020001500000082001500015100001700030245004200047260004900089300000800138 a9652810010 a541.39 ZVI aRuth Ben Zvi aThermodynamics of chemical reactions  aIsraelbDepartment of Science Teachingc1994 a358